000 00791cam a2200253 i 4500
001 17669666
005 20180221033817.0
008 130322s2013 nyua b 001 0 eng
010 _a 2013009876
020 _a9780871540072 (pbk. : alk. paper)
020 _z9781610448147 (ebook)
040 _aDLC
_beng
_cDLC
_erda
_dDLC
041 _aeng
042 _apcc
080 _a362.5560973 BAI
082 0 0 _a362.5560973 BAI
_223
100 _a16
101 _aHIS
245 0 0 _aLegacies of the War on Poverty /
_cedited by Martha J. Bailey and Sheldon Danziger.
504 _aIncludes bibliographical references and index.
906 _a7
_bcbc
_corignew
_d1
_eecip
_f20
_gy-gencatlg
942 _2ddc
_cBK
999 _c42979
_d42979